000 00639nam a22002417a 4500
003 UA-OsUOA
001 20245
007 ta
008 20040209b un ||||| |||| 00| 0 ukr d
100 _aЯкимчук С.
090 _bЯ45
942 _cBK
040 _aUA-OsUOA
_bukr
_cUA-OsUOA
_dUA-OsUOA
245 _aМетодика музичного виховання
_bНавч. посібник для вузів
300 _a160 с.
955 _a0
041 _aukr
020 _a966-96174-5-6
591 _a74.266я73
260 _aРівне
_bРДГУ
_c2003
044 _aUA
650 7 _aКраєзнавча робота
_2UDC
999 _c306419
_d306419